| 000 | 00767nam a2200253 4500 | ||
|---|---|---|---|
| 001 | 3120363 | ||
| 005 | 20260507152816.0 | ||
| 008 | 680301s1968 njua b 000 0 eng | ||
| 010 | _a 68010656 | ||
| 035 | _a3120363 | ||
| 040 | _cIRDP | ||
| 050 | 0 | 0 |
_aJA74 _b.Y68 |
| 082 | 0 | 0 | _a320 |
| 100 | 1 | _aYoung, Oran R. | |
| 245 | 1 | 0 |
_aSystems of political science _c[by] Oran R. Young. |
| 260 |
_aEnglewood Cliffs, N.J., _bPrentice-Hall _c[1968] |
||
| 300 |
_axiii, 113 p. _billus. _c24 cm. |
||
| 490 | 0 | _aFoundations of modern political science series | |
| 504 | _aBibliography: p. 107-108. | ||
| 650 | 0 | _aPolitical science. | |
| 906 |
_a7 _bcbc _corignew _du _encip _f19 _gy-gencatlg |
||
| 942 |
_2ddc _cBOOKS |
||
| 999 |
_c9682 _d9682 |
||